Investors report (Record no. 112097)

MARC details
000 -LEADER
fixed length control field 01258cad a22002415a 4500
001 - CONTROL NUMBER
control field L152530
008 - FIXED-LENGTH DATA ELEMENTS--GENERAL INFORMATION
fixed length control field 110323s2008 xxk f 000 0 eng d
035 ## - SYSTEM CONTROL NUMBER
System control number (Sirsi) u152530
041 0# - LANGUAGE CODE
Language code of text/sound track or separate title eng
110 2# - MAIN ENTRY--CORPORATE NAME
Corporate name or jurisdiction name as entry element British Standards Institution
9 (RLIN) 130
245 00 - TITLE STATEMENT
Title Investors report
Remainder of title building information modelling (BIM)
Medium [electronic resource]
260 ## - PUBLICATION, DISTRIBUTION, ETC.
Place of publication, distribution, etc. London
Name of publisher, distributor, etc. BSI
Date of publication, distribution, etc. 2008
520 ## - SUMMARY, ETC.
Summary, etc. A glance at BIM lists the key benefits, key projects in the UK, and early adopters of Building Information Modelling; examines BIM entering the mainstream UK construction market and the problems faced, defines Building Infomation Modelling, and discusses reasons for considering it.
590 ## - LOCAL NOTE (RLIN)
Local note KA NTK
650 24 - SUBJECT ADDED ENTRY--TOPICAL TERM
Topical term or geographic name entry element BUILDING INFORMATION MODELLING
650 24 - SUBJECT ADDED ENTRY--TOPICAL TERM
Topical term or geographic name entry element BIM
9 (RLIN) 6219
651 #4 - SUBJECT ADDED ENTRY--GEOGRAPHIC NAME
Geographic name International
690 ## - LOCAL SUBJECT ADDED ENTRY--TOPICAL TERM (OCLC, RLIN)
Topical term or geographic name as entry element BIM
9 (RLIN) 6219
710 1# - ADDED ENTRY--CORPORATE NAME
Corporate name or jurisdiction name as entry element Bew and Richards
856 40 - ELECTRONIC LOCATION AND ACCESS
Uniform Resource Identifier <a href="https://shop.bsigroup.com/en/Browse-by-Sector/Building--Construction/Building-Information-Modelling/">https://shop.bsigroup.com/en/Browse-by-Sector/Building--Construction/Building-Information-Modelling/</a>
Public note View the website at http://shop.bsigroup.com/en/Browse-by-Sector/Building--Construction/Building-Information-Modelling/
856 40 - ELECTRONIC LOCATION AND ACCESS
Uniform Resource Identifier <a href="https://www.bimtaskgroup.org/wp-content/uploads/2012/03/InvestorsReport-BIM.pdf ">https://www.bimtaskgroup.org/wp-content/uploads/2012/03/InvestorsReport-BIM.pdf </a>
Public note View the report free of charge at www.bimtaskgroup.org
942 ## - ADDED ENTRY ELEMENTS (KOHA)
Suppress in OPAC 0
Holdings
Withdrawn status Lost status Source of classification or shelving scheme Damaged status Not for loan Home library Current library Shelving location Date acquired Total Checkouts Full call number Barcode Date last seen Copy number Price effective from Koha item type
    Dewey Decimal Classification     Virtual Virtual Online 23/03/2011   ONLINE PUBLICATION 152530-2001 06/08/2019 1 06/08/2019 Book